000 00279nam a2200121Ia 4500
008 190216s9999||||xx |||||||||||||| ||und||
100 _aSrivastava J P
245 0 _aIntroduction To Fungi
260 _bCentral Book Depot
_c1971
300 _a314p
650 _aBotany
942 _cBK
999 _c1290
_d1290